000 01091nam a2200277Ia 4500
003 OSt
005 20200814140536.0
008 191128s1996 ck grl f000 0 spa d
020 _a9586480682
040 _aCO-JMCR
_cCO-JMCR
041 0 _aspa
082 0 4 _a344.86102026 /
_bC718l
_223
110 1 _aColombia.
_98040
240 1 0 _aLeyes, decretos, etc.
245 1 0 _aLey 100 1993 :
_bdiciembre 23 sistema de seguridad social /
250 _aSegunda edición
260 _aBogotá :
_bEcoe,
_c1996
300 _a178 páginas ;
_c17 cm.
490 0 _aLeyes de Colombia
505 0 _aTítulo preliminar -- Sistema de seguridad social integral -- Principios generales -- Sistema de seguridad social integral -- sistema general de pensiones -- Disposiciones generales -- Objetivo y características del sistema general de pensión
650 1 4 _aLeyes Colombianas
_xseguridad social
_98796
650 1 4 _aSistema de pensiones
_zColombia
_98797
650 1 4 _aLegislación sobre cooperativas
_zColombia
_98798
650 1 4 _aCooperativismo
_xlegislación
_zColombia
_98799
942 _2ddc
_cBK
999 _c4077
_d4077